000 00396nam a22001697a 4500
003 MPLRDC
005 20220104145644.0
008 210129b ||||| |||| 00| 0 eng d
082 _a112 CSS
100 _a蔡尚思
245 _a中国思想研究法
_c
250 _a三版
260 _a
_b商务印书馆
_c1940
300 _b
650 _a中国学术; 思想
942 _cBK
_o112 CSS
999 _c51440
_d51430